| Registos Bibliográficos associados ao registo de autoridade |
|
Etiqueta de registo: 00000nkm 2200025 450 001 2276292 003 http://id.bnportugal.gov.pt/bib/catbnp/2276292 100 ## $a20260305d1993 m y0pory01030103ba 101 0# $apor$aspa$aeng 102 ## $aPT 200 1# $aFepa 93, 3ª Feira de Artigos de Papelaria, Material Didático e Brinquedos, EXPONOR
- Feira Internacional do Porto, 18-21 março$bVisual gráfico]$fAssociação Industrial Portuense$gBozell Portugal 210 #9 $a[Porto]$cAssociação Industrial Portuense,$d1993 215 ## $a1 cartaz$ccolor.$d69,7x47,9 cm 317 ## $aColeção Madeira Luís 710 01 $aFeira de Artigos de Papelaria, Material Didático e Brinquedos,$d3.$ePorto,$f1993$31993495 712 02 $aAssociação Industrial Portuense$3151 712 01 $aEXPONOR.$bDivisão de Feiras e Exposições$31989153 712 02 $aBozell Portugal$31552186 801 #0 $aPT$bBN$gRPC 966 ## $lBN$mICONOG$sCT. 23502 A.$x3 971 ## $cCaticonografia7$d20260305 995 ## $aPRR2026
|
|
|